Mafia Criminal Activities - Statistics

General Stats
  • This quiz has been taken 1,011 times
  • The average score is 9 of 25
Answer Stats
answer % Correct
{drug} trafficking
98%
{money} laundering
92%
{tax} evasion
87%
{human} trafficking
80%
contract {killing}
63%
murder
55%
illegal {gambling}
44%
{political} corruption
39%
witness {intimidation}
39%
prostitution
38%
{weapons} trafficking
35%
racketeering
29%
extortion
28%
robbery
27%
fraud
20%
assault
19%
bribery
19%
{waste} management
19%
kidnapping
17%
blackmailing
14%
loansharking
11%
{cigarette} smuggling
9%
counterfeiting
6%
fencing
6%
conspiracy
4%
No matching quizzes found
Score Distribution
Percent of People with Each Score
Percentile by Number Answered
Your Score History
You have not taken this quiz